Catálogo
 En Linea

Apuntes / (Registro nro. 26949)

Detalles MARC
000 -CABECERA
campo de control de longitud fija 02335nam a2200349 i 4500
001 - NÚMERO DE CONTROL
campo de control 000027457
003 - IDENTIFICADOR DEL NÚMERO DE CONTROL
campo de control DO-SdBNP
005 - FECHA Y HORA DE LA ÚLTIMA TRANSACCIÓN
campo de control 20250930135951.0
007 - CAMPO FIJO DE DESCRIPCIÓN FÍSICA--INFORMACIÓN GENERAL
campo de control de longitud fija ta
008 - DATOS DE LONGITUD FIJA--INFORMACIÓN GENERAL
campo de control de longitud fija 090122s1982 dr 000 e spa d
040 ## - FUENTE DE LA CATALOGACIÓN
Centro catalogador/agencia de origen DO-SdBNP
Lengua de catalogación spa
Centro/agencia transcriptor BNPHU
Normas de descripción rda
041 ## - CÓDIGO DE LENGUA
Código de lengua del texto/banda sonora o título independiente spa
082 #4 - NÚMERO DE LA CLASIFICACIÓN DECIMAL DEWEY
Número de clasificación RD864.44
Número de documento/Ítem Z18a 1977
Número de edición 22
100 1# - ENTRADA PRINCIPAL--NOMBRE DE PERSONA
Nombre de persona Zaglul, Antonio,
Fechas asociadas al nombre 1920-1996
Término indicativo de función/relación autor
Código de función/relación aut.
9 (RLIN) 69657
245 10 - MENCIÓN DE TÍTULO
Título Apuntes /
Mención de responsabilidad, etc. Antonio Zaglul.
250 ## - MENCIÓN DE EDICIÓN
Mención de edición Quinta edición
264 #1 - PRODUCCIÓN, PUBLICACIÓN, DISTRIBUCIÓN, FABRICACIÓN Y COPYRIGHT
Producción, publicación, distribución, fabricación y copyright Santo Domingo :
Nombre del de productor, editor, distribuidor, fabricante Editora Taller,
Fecha de producción, publicación, distribución, fabricación o copyright 1982.
300 ## - DESCRIPCIÓN FÍSICA
Extensión 132 páginas ;
Dimensiones 22 cm.
336 ## - TIPO DE CONTENIDO
Término de tipo de contenido texto
Código de tipo de contenido txt
Fuente rdacontent
337 ## - TIPO DE MEDIO
Nombre/término del tipo de medio sin mediación
Código del tipo de medio n
Fuente rdamedia
338 ## - TIPO DE SOPORTE
Nombre/término del tipo de soporte volumen
Código del tipo de soporte nc
Fuente rdacarrier
490 0# - MENCIÓN DE SERIE
Mención de serie Biblioteca Taller ;
Designación de volumen o secuencia 29
500 ## - NOTA GENERAL
Nota general El libro dice que es la quinta edición del 1977, pero el libro en la portada y el colofón dice impreso en el 1982.
505 0# - NOTA DE CONTENIDO CON FORMATO
Título Dedicatoria -- Del Dr. Herbert A. Carroll -- De Franklin Mieses Burgos -- Apuntes sobre los apuntes -- Brevísima y traumatizante historia de un pueblo -- Apuntes para la etnografía dominicana -- "El gancho": la paranoia del dominicano -- La sub-estimación de lo nuestro I -- La sub-estimación de lo nuestro II -- El dominicano y su lenguaje -- Cultura y nacionalismo -- Alimentación y malos hábitos alimentarios -- El dominicano y su comida -- Nuestras cosas perdidas -- El dominicano y su pena -- Ah no. Yo no sé, no... y el "no me doy cuenta" -- Jaragua motors, Polanco radio and the rent cars -- El dominicano, turista y geógrafo -- Requiem por mis perros -- ¿Quién nos cuida? -- ¿Somos malhumorados? -- Un querer mejor para nuestras cosas -- El arte de despotricar un país -- Complejo de isleño -- Caja de resonancia -- Son santiagueros, no santiaguenses -- Un dominicano es siempre un dominicano -- ¿Bovarismo nuestro? -- Nuestro productos -- Estar chivo y bronco, ¿es paranoia? -- Dominicano es un vocablo no dominicano -- El sifilazo -- Somos pesimistas -- El regreso a las cavernas -- Red beach -- Colofón.
590 ## - NOTA LOCAL (RLIN)
Nota local Inventariado, 2025/ YL
650 #0 - PUNTO DE ACCESO ADICIONAL DE MATERIA--TÉRMINO DE MATERIA
Término de materia o nombre geográfico como elemento de entrada Ensayos dominicanos
9 (RLIN) 65
650 #0 - PUNTO DE ACCESO ADICIONAL DE MATERIA--TÉRMINO DE MATERIA
Término de materia o nombre geográfico como elemento de entrada Literatura dominicana.
9 (RLIN) 67
651 #4 - PUNTO DE ACCESO ADICIONAL DE MATERIA--NOMBRE GEOGRÁFICO
Nombre geográfico República Dominicana
Subdivisión general Vida Social Y Costumbres
-- Ensayos, Conferencias, Etc.
9 (RLIN) 38926
651 #4 - PUNTO DE ACCESO ADICIONAL DE MATERIA--NOMBRE GEOGRÁFICO
Nombre geográfico República Dominicana
Subdivisión general Aspectos Sociales
9 (RLIN) 6981
910 ## - DATOS DE OPCIÓN DEL USUARIO (OCLC)
Datos de opción del usuario Validado. Control de calidad MFF
942 ## - ELEMENTOS DE PUNTO DE ACCESO ADICIONAL (KOHA)
Fuente del sistema de clasificación o colocación Dewey Decimal Classification
Tipo de ítem Koha Libro
Existencias
Estado de retiro Estado de pérdida Fuente del sistema de clasificación o colocación Restricciones de uso No para préstamo Código de colección Localización permanente Ubicación/localización actual Ubicación en estantería Fecha de adquisición Fuente de adquisición Total de préstamos Signatura topográfica completa Código de barras Fecha visto por última vez Tipo de ítem Koha
    Dewey Decimal Classification Excluido de préstamo   Patrimonio Dominicano Biblioteca Nacional Pedro Henríquez Ureña Biblioteca Nacional Pedro Henríquez Ureña Depósito 02.01.1985 Donación   BNPHU PD RD864.44 Z18a 1977 27457-10 25.06.2020 Libro

Con tecnología Koha